中央本線の駅 - Statistics

General Stats
  • This quiz has been taken 18 times
  • The average score is 75 of 115
Answer Stats
Hint Answer % Correct
JC01 東京
94%
JC22 八王子
94%
CF00 名古屋
94%
JC02 神田
88%
JC03・JB18 御茶ノ水
88%
JB17 水道橋
88%
JB16 飯田橋
88%
JC04・JB14 四ツ谷
88%
JB13 信濃町
88%
JB11 代々木
88%
JC05・JB10 新宿
88%
JC06・JB07 中野
88%
JC07・JB06 高円寺
88%
JC08・JB05 阿佐ケ谷
88%
JC09・JB04 荻窪
88%
JC11・JB02 吉祥寺
88%
JC12・JB01 三鷹
88%
JC16 国分寺
88%
JC17 西国分寺
88%
JC18 国立
88%
JC19 立川
88%
JC24 高尾
88%
JC32 大月
88%
CO43 甲府
88%
CO44 竜王
88%
CO46 韮崎
88%
CO61 塩尻
88%
JB15 市ケ谷
81%
JB12 千駄ケ谷
81%
JC10・JB03 西荻窪
81%
JC13 武蔵境
81%
JC14 東小金井
81%
JC15 武蔵小金井
81%
JC20 日野
81%
JC21 豊田
81%
JC25 相模湖
81%
JC27 上野原
81%
JC31 猿橋
81%
CO36 勝沼ぶどう郷
81%
CO37 塩山
81%
CO39 山梨市
81%
CO51 小淵沢
81%
CO57 上諏訪
81%
CO58 下諏訪
81%
CO59 岡谷
81%
CF19 中津川
81%
CF09 高蔵寺
81%
CF01 金山
81%
JB09 大久保
75%
JB08 東中野
75%
JC23 西八王子
75%
JC28 四方津
75%
CO41 石和温泉
75%
CO56 茅野
75%
CF23 南木曽
75%
CF12 多治見
75%
辰野
75%
JC26 藤野
69%
JC30 鳥沢
69%
CO53 富士見
69%
CO60 みどり湖
69%
CF30 木曽福島
69%
CF17 恵那
69%
CF07 春日井
69%
CF04 大曽根
69%
JC29 梁川
63%
CO34 笹子
63%
CO35 甲斐大和
63%
CO40 春日居町
63%
CO50 長坂
63%
CF11 古虎渓
63%
CF03 千種
63%
CO33 初狩
56%
CO38 東山梨
56%
CO42 酒折
56%
CO45 塩崎
56%
CO49 日野春
56%
CO52 信濃境
56%
CO54 すずらんの里
56%
洗馬
56%
CF14 瑞浪
56%
CF13 土岐市
56%
CF02 鶴舞
56%
CO47 新府
50%
CO48 穴山
50%
CF10 定光寺
50%
CF08 神領
50%
CO55 青柳
44%
奈良井
44%
CF06 勝川
44%
CF05 新守山
44%
日出塩
38%
CF29 上松
38%
坂下
38%
CF18 美乃坂本
38%
贄川
31%
藪原
31%
大桑
31%
川岸
31%
木曽平沢
25%
十二兼
25%
小野
25%
倉本
19%
須原
19%
野尻
19%
田立
19%
CF16 武並
19%
CF15 釜戸
19%
信濃川島
19%
宮ノ越
13%
原野
13%
落合川
13%
No matching quizzes found
Score Distribution
Percent of People with Each Score
Percentile by Number Answered
Your Score History
You have not taken this quiz